000 00511nam a2200205Ia 4500
003 OSt
005 20260106093042.0
008 210210b2007 xxu||||| |||| 00| 0 eng d
020 _a9788190454667
040 _cAL
041 _aeng
082 _a576.15 JAYE
100 _aJay M
_9250217
245 _aEnvironmental microbiology and biotechnology
260 _aNew Delhi
_bNot Mentioned
_c2007
300 _axii,329
690 _aEnvironmental Microbiology
_9250218
906 _a062427
942 _2ddc
_cBK
999 _c117536
_d117536